LEADER 01219nam0 22002891i 450 001 VAN0009274 005 20070704120000.0 010 $a88-14-08102-6 020 $aIT$b2001 369 100 $a20020913d2000 |0itac50 ba 101 $aita 102 $aIT 105 $a|||| ||||| 200 1 $aˆI ‰regolamenti dell'ente locale$econtenuto, limiti e tecniche di redazione dei regolamenti$eproblemi, costi pratici e giurisprudenza$fVittorio Italia 210 $aMilano$cGiuffrè$d[2000] 215 $aXXIII, 261 p.$d24 cm. 410 1$1001VAN0004158$12001 $aCosa & Come. Enti locali$1210 $aMilano$cGiuffrè.$v73 620 $dMilano$3VANL000284 676 $a342.4509$cDiritto costituzionale e amministrativo. Governo locale. Italia$v21 700 1$aItalia$bVittorio$3VANV001089$0334403 712 $aGiuffrè $3VANV109181$4650 801 $aIT$bSOL$c20230616$gRICA 899 $aBIBLIOTECA DEL DIPARTIMENTO DI GIURISPRUDENZA$1IT-CE0105$2VAN00 912 $aVAN0009274 950 $aBIBLIOTECA DEL DIPARTIMENTO DI GIURISPRUDENZA$d00CONS IV.Ee.48 $e00 17405 20021113 996 $aRegolamenti dell'ente locale$9745503 997 $aUNICAMPANIA LEADER 01496nam0 2200337 i 450 001 VAN00014382 005 20240806100259.633 100 $a20031204d1979 |0itac50 ba 101 $aita 102 $aIT 105 $a|||| ||||| 200 1 $aˆLe ‰basi biologiche del comportamento sociale umano$estudiare gli animali per comprendere l'uomo$fRobert A. Hinde 205 $aBologna : Zanichelli$b1979 210 $aVIII$d416 p.$cill. ; 22 cm 215 $aTrad. di Alfredo Suvero, rev. di Danilo Mainardi. 606 $aPrimati$xComportamento$3VANC007583$2FI 620 $dBologna$3VANL000003 676 $a599.8045$v21 700 1$aHinde$bRobert A.$3VANV010484$072852 702 1$aMainardi$bDanilo$3VANV014087 702 1$aSuvero$bAlfredo$3VANV055847 712 $aZanichelli $3VANV110843$4650 790 1$aHinde, R. A.$zHinde, Robert A.$3VANV064007 801 $aIT$bSOL$c20240906$gRICA 899 $aBIBLIOTECA DEL DIPARTIMENTO DI GIURISPRUDENZA$1IT-CE0105$2VAN00 899 $aBIBLIOTECA DEL DIPARTIMENTO DI PSICOLOGIA$1IT-CE0119$2VAN16 912 $aVAN00014382 950 $aBIBLIOTECA DEL DIPARTIMENTO DI PSICOLOGIA$d16CONS 1546 $e16VS 1514 20040827 950 $aBIBLIOTECA DEL DIPARTIMENTO DI GIURISPRUDENZA$d00CONS XXI.Da.2 $e00 3886 20031205 996 $aBasi biologiche del comportamento sociale umano$9819902 997 $aUNICAMPANIA